Seeing the difference (Record no. 81296)
[ view plain ]
| 000 -LEADER | |
|---|---|
| fixed length control field | 01278cad a22002295a 4500 |
| 001 - CONTROL NUMBER | |
| control field | E146812 |
| 008 - FIXED-LENGTH DATA ELEMENTS--GENERAL INFORMATION | |
| fixed length control field | 090302s2009 xxkad f s 000 0 eng d |
| 035 ## - SYSTEM CONTROL NUMBER | |
| System control number | (Sirsi) u146812 |
| 041 0# - LANGUAGE CODE | |
| Language code of text/sound track or separate title | eng |
| 100 1# - MAIN ENTRY--PERSONAL NAME | |
| Personal name | Hall, Barry |
| 245 04 - TITLE STATEMENT | |
| Title | Seeing the difference |
| Medium | [electronic resource] |
| 260 ## - PUBLICATION, DISTRIBUTION, ETC. | |
| Date of publication, distribution, etc. | 2009 |
| 490 ## - SERIES STATEMENT | |
| Series statement | RICS Residential Property Journal |
| Volume/sequential designation | March-April 2009, 10-13(3) |
| 520 ## - SUMMARY, ETC. | |
| Summary, etc. | Article looks at the new Homebuyer Survey and Valuation (HSV) report, which comes into full use in July. The report will be known as the RICS Homebuyer Report (HBR) and contains various changes from the HSV, including the introduction of condition ratings of the main building elements. Article discusses these changes and provides a table comparing the HSV with the new HBR, as well as dates for forthcoming 2009 HBR Road show events. |
| 520 ## - SUMMARY, ETC. | |
| Summary, etc. | Article is member-only content and members must be registered with www.rics.org to access it. |
| 590 ## - LOCAL NOTE (RLIN) | |
| Local note | KA |
| 650 24 - SUBJECT ADDED ENTRY--TOPICAL TERM | |
| Topical term or geographic name entry element | HOMEBUYERS REPORT |
| 651 #4 - SUBJECT ADDED ENTRY--GEOGRAPHIC NAME | |
| Geographic name | United Kingdom |
| Chronological subdivision | |
| 690 ## - LOCAL SUBJECT ADDED ENTRY--TOPICAL TERM (OCLC, RLIN) | |
| Topical term or geographic name as entry element | PROPERTY-RESIDENTIAL PROPERTY-RESIDENTIAL PROPERTY APPRAISAL AND VALUATION |
| 856 40 - ELECTRONIC LOCATION AND ACCESS | |
| Uniform Resource Identifier | <a href="https://www.rics.org/Global/Downloads/ResMarApr09_web.pdf">https://www.rics.org/Global/Downloads/ResMarApr09_web.pdf</a> |
| Public note | View the article free of charge (RICS member-only content) at www.rics.org... |
| 942 ## - ADDED ENTRY ELEMENTS (KOHA) | |
| Suppress in OPAC | 0 |
| Withdrawn status | Lost status | Source of classification or shelving scheme | Damaged status | Not for loan | Home library | Current library | Shelving location | Date acquired | Total Checkouts | Full call number | Barcode | Date last seen | Copy number | Price effective from | Koha item type |
|---|---|---|---|---|---|---|---|---|---|---|---|---|---|---|---|
| Dewey Decimal Classification | Virtual | Virtual | Online | 02/03/2009 | ONLINE PUBLICATION | 146812-2001 | 06/08/2019 | 1 | 06/08/2019 | Journal article |